000 00338nam a2200145Ia 4500
008 230711s9999||||xx |||||||||||||| ||und||
041 _aENG
082 _a624
_bBR-W
100 _aBrush,Richard E
245 0 _aWells construction
250 _a1st
260 _c1987
_aNew Delhi
_bAcademic Press
650 _aCivil Engineering
942 _cBK
999 _c609
_d609